000 01060nam a2200277 i 4500
001 179929
003 ES-MaACL
005 20250905131225.0
008 120301s2011 sp |||| | spa d
020 _a978-84-934586-7-6
080 _a792.01
080 _a821-2.09
100 1 _aGray, María.
_9149498
245 1 0 _aClaves y estrategias metateatrales
_b: una propuesta para el estudio y práctica del metateatro en la contemporaneidad /
_cMaría Gray ; [prólogo, Ángel Berenguer Castellary].
260 _a[Madrid] :
_bO Grelo Producciones,
_c2011.
300 _a132 p. ;
_c21 cm.
502 _aBasado en la tesis de la autora.
504 _aBibliografía: p. 131-132.
650 7 _aTeatro-
_xFilosofía.
_9149499
650 7 _aTeatro (Género literario)-
_xHistoria y crítica.
_917365
700 1 _aBerenguer, Ángel,
_d1943-
_927879
852 _aES-MaACL
_jA-11999
_9186833
_bR.146909
_cDEPO1
_dOlim: N-5004
_xDonación: María Gray
903 _9149498
_aGray, María
_ednr
942 _2udc
_cMONOGRAFIA
999 _c179929
_d179929